Khoáng sét và sự liên quan của chúng với một vài chỉ tiêu lý hoá học trong một số loại đất Việt Nam

Zapisane w:
Opis bibliograficzny
1. autor: Đào, Châu Thu
Format: Książka
Język:Undetermined
Wydane: Hà Nội Khoa học Kỹ thuật 2003
Hasła przedmiotowe:
Etykiety: Dodaj etykietę
Nie ma etykietki, Dołącz pierwszą etykiete!
Thư viện lưu trữ: Trung tâm Học liệu Trường Đại học Cần Thơ
LEADER 00626nam a2200193Ia 4500
001 CTU_64228
008 210402s9999 xx 000 0 und d
020 |b 19500 
082 |a 620.191 
082 |b Th500 
100 |a Đào, Châu Thu 
245 0 |a Khoáng sét và sự liên quan của chúng với một vài chỉ tiêu lý hoá học trong một số loại đất Việt Nam 
245 0 |c Đào Châu Thu 
260 |a Hà Nội 
260 |b Khoa học Kỹ thuật 
260 |c 2003 
650 |a Clay 
904 |i Minh 
980 |a Trung tâm Học liệu Trường Đại học Cần Thơ